Statistics for North American Vehicle Codes - Click Quiz

Click here to take the quiz!

General Stats

  • This quiz has been taken 64 times
  • The average score is 17 of 23

Answer Stats

HintAnswer% Correct
MEXMexico
98%
CRCosta Rica
91%
JAJamaica
91%
NICNicaragua
91%
USAUnited States of America
91%
AGAntigua and Barbuda
89%
ESEl Salvador
89%
HNHonduras
89%
PAPanama
89%
TTTrinidad and Tobago
89%
BDSBarbados
87%
CDNCanada
87%
KNSt.Kitts and Nevis
80%
WLSt.Lucia
78%
WVSt.Vincent and the Grenadines
73%
BSBahamas
62%
WDDominica
62%
DOMDominican Republic
62%
WGGrenada
62%
GCAGuatemala
62%
RHHaiti
60%
CCuba
44%
BHBelize
22%

Score Distribution

Percentile by Number Answered

Percent of People with Each Score

Your Score History

You have not taken this quiz